000 00573nam a2200217Ia 4500
003 OSt
005 20220924133926.0
006 a|||||r|||| 00| 0
007 ta
008 220923b |||||||| |||| 00| 0 snd d
024 _a271147
037 _cTextual
040 _aARTS
_cARTS
_bsnd
041 _2snd
_asnd
082 _a/\2y7M36, 1593K2;K7
100 _aGupta Mahindernath
_9207688
245 0 _aAmrit katha
_b Shree Ramkrishan
260 _c1967
942 _h/\2y7M36, 1593K2;K7
_cTEXL
_2CC
999 _c435769
_d435769